<?xml version="1.0" encoding="UTF-8"?><?xml-stylesheet type="text/xsl" href="static/style.xsl"?><OAI-PMH xmlns="http://www.openarchives.org/OAI/2.0/" xmlns:xsi="http://www.w3.org/2001/XMLSchema-instance" xsi:schemaLocation="http://www.openarchives.org/OAI/2.0/ http://www.openarchives.org/OAI/2.0/OAI-PMH.xsd"><responseDate>2026-04-17T12:47:55Z</responseDate><request verb="GetRecord" identifier="oai:www.recercat.cat:2072/468434" metadataPrefix="marc">https://recercat.cat/oai/request</request><GetRecord><record><header><identifier>oai:recercat.cat:2072/468434</identifier><datestamp>2025-06-12T10:38:57Z</datestamp><setSpec>com_2072_98</setSpec><setSpec>col_2072_378192</setSpec></header><metadata><record xmlns="http://www.loc.gov/MARC21/slim" xmlns:dcterms="http://purl.org/dc/terms/" xmlns:xsi="http://www.w3.org/2001/XMLSchema-instance" xmlns:doc="http://www.lyncode.com/xoai" xsi:schemaLocation="http://www.loc.gov/MARC21/slim http://www.loc.gov/standards/marcxml/schema/MARC21slim.xsd">
   <leader>00925njm 22002777a 4500</leader>
   <datafield ind2=" " ind1=" " tag="042">
      <subfield code="a">dc</subfield>
   </datafield>
   <datafield ind2=" " ind1=" " tag="720">
      <subfield code="a">Montoro Araque, Mercedes</subfield>
      <subfield code="e">author</subfield>
   </datafield>
   <datafield ind2=" " ind1=" " tag="260">
      <subfield code="c">2023</subfield>
   </datafield>
   <datafield ind2=" " ind1=" " tag="520">
      <subfield code="a">Si entendemos junto a Ponnau, Grivel, Mellier o Soldini entre otros, lo fantástico como «sentiment», y junto a Belville (2013) la apariencia paradójica, proteica y mutable de lo monstruoso como figura indisociablemente ligada a los relatos de lo extraño y las narrativas de lo inquietante, partiré de dos ejemplos de hibridación monstruosa inter-especie para analizar de qué manera el cine fantástico contemporáneo recurre a lo vegetal como «entre-dos» o «monstruosidad intersticial» (Veliz, 2021). Dicha porosidad genérica revela una nueva «relación sensible» al mundo en donde el espectador se plantea «si lo que creemos pura imaginación podría llegar a ser cierto» (Roas, 2001: 32). Como «productos del nuevo régimen de mediación de las tesis medio-ambientalistas» (Chelebourg, 2012),1 las «ecoficciones fantásticas» analizadas (Stranger Things y Annihilation) amplían nuestra visión de lo real, constituyendo una acertada crítica de la visión estrictamente mecanicista del mundo (Morton, 2019).</subfield>
   </datafield>
   <datafield ind2=" " ind1=" " tag="520">
      <subfield code="a">Understanding along with Ponnau, Grivel, Mellier or Soldini, among others, the fantastic as «sentiment», and together with Belville (2013) the paradoxical, protean and mutable appearance of the monstrous as a figure inextricably linked to the stories of the strange and the narratives of the disturbing, I will start from two examples of monstrous inter-species hybridization to analyze what, in this way, contemporary fantastic cinema resorts to the vegetal as «between-two» or «interstitial monstrosity» (Veliz, 2021). This generic porosity reveals a new «sensitive relationship» to the world in which the viewer wonders «if what we believe in pure imagination could become true» (Roas, 2001: 32). As «products of the new regime of mediation of environmental theses» (Chelebourg, 2012), the «fantastic eco-fictions» analyzed (Stranger Things and Annihilation) broaden our vision of reality, constituting an accurate criticism of the strictly mechanistic vision of the world (Morton, 2019).</subfield>
   </datafield>
   <datafield tag="653" ind2=" " ind1=" ">
      <subfield code="a">Fantastic cinema</subfield>
   </datafield>
   <datafield tag="653" ind2=" " ind1=" ">
      <subfield code="a">Annihilation</subfield>
   </datafield>
   <datafield tag="653" ind2=" " ind1=" ">
      <subfield code="a">Monstrous hybridization</subfield>
   </datafield>
   <datafield tag="653" ind2=" " ind1=" ">
      <subfield code="a">Quantum physics</subfield>
   </datafield>
   <datafield tag="653" ind2=" " ind1=" ">
      <subfield code="a">Ecofiction</subfield>
   </datafield>
   <datafield tag="653" ind2=" " ind1=" ">
      <subfield code="a">Ecosophy of affects</subfield>
   </datafield>
   <datafield tag="653" ind2=" " ind1=" ">
      <subfield code="a">Cine fantástico</subfield>
   </datafield>
   <datafield tag="653" ind2=" " ind1=" ">
      <subfield code="a">Hibridación monstruosa</subfield>
   </datafield>
   <datafield tag="653" ind2=" " ind1=" ">
      <subfield code="a">Física cuántica</subfield>
   </datafield>
   <datafield tag="653" ind2=" " ind1=" ">
      <subfield code="a">Ecoficción</subfield>
   </datafield>
   <datafield tag="653" ind2=" " ind1=" ">
      <subfield code="a">Ecosofía de los afectos</subfield>
   </datafield>
   <datafield ind2="0" ind1="0" tag="245">
      <subfield code="a">¿Hacia un fantástico ecoficcional? Dos lecturas de los monstruoso vegetal en el cine contemporáneo</subfield>
   </datafield>
</record></metadata></record></GetRecord></OAI-PMH>